000 00490nam a2200181 a 4500
001 1755946828250
003 YourLibrary
005 20250826120539.0
008 250823s2007##################000#0#eng##
020 _a9781857434385
082 0 4 _a050
_bIIS
100 1 _aStudies, International Institute for Strategic,
_eauthor.
245 1 0 _aStrategic Survey 2007 :
260 _c2007.
650 0 _aInternational relations.
942 _cENGLISH
040 _aYourLibrary
_beng
_cYourLibrary
999 _c584000
_d584000